[Event "Open Hradec Kralove 2018"]
[Site "Hradec Kralove"]
[Date "2018.10.07"]
[Round "9"]
[White "Kudr, Roman"]
[Black "Aird, Ian"]
[Result "0-1"]
[WhiteElo "1909"]
[BlackElo "1857"]
[PlyCount "64"]
[EventDate "2018.09.30"]

1. d4 d5 2. Nf3 Nf6 3. Nbd2 e6 4. e3 c5 5. c3 Nc6 6. Bd3 Bd6 7. O-O O-O 8. e4
cxd4 9. cxd4 dxe4 10. Nxe4 Nxe4 11. Bxe4 Bd7 12. Bxh7+ Kxh7 13. Ng5+ Kg6 14. f4
Rh8 15. Rf3 f6 16. Qd3+ f5 17. Be3 Nb4 18. Qe2 Nd5 19. Bd2 Qg8 20. Qf2 Kf6 21.
Qg3 Ke7 22. Re1 Kd8 23. Rf2 Rh6 24. Nf3 Nf6 25. Ne5 Ne4 26. Qb3 Bxe5 27. fxe5
Nxf2 28. Ba5+ Ke8 29. Kxf2 Bc6 30. Rc1 Qf7 31. Qa3 Qd7 32. Qc5 Rxh2 0-1

[Event "Open Hradec Kralove 2018"]
[Site "Hradec Kralove"]
[Date "2018.10.07"]
[Round "9"]
[White "Mathisen, Runar"]
[Black "Valenti, Richard"]
[Result "1/2-1/2"]
[WhiteElo "1847"]
[BlackElo "2037"]
[PlyCount "21"]
[EventDate "2018.09.30"]

1. e4 Nc6 2. Nf3 d6 3. d4 Nf6 4. Nc3 g6 5. h3 Bg7 6. Be3 O-O 7. Qd2 a6 8. a4 e5
9. dxe5 dxe5 10. O-O-O Be6 11. Ng5 1/2-1/2

[Event "Open Hradec Kralove 2018"]
[Site "Hradec Kralove"]
[Date "2018.10.07"]
[Round "9"]
[White "Majerik, Vladimir"]
[Black "Kaplan, Daniel"]
[Result "1/2-1/2"]
[WhiteElo "1847"]
[BlackElo "2017"]
[PlyCount "47"]
[EventDate "2018.09.30"]

1. d4 d5 2. Bg5 Nf6 3. e3 c6 4. c3 Nbd7 5. Nf3 Ne4 6. Bh4 Qb6 7. Qb3 Ndf6 8.
Nbd2 Bf5 9. Be2 e6 10. O-O Be7 11. Nxe4 Bxe4 12. Ne5 h6 13. Bd3 Bxd3 14. Nxd3
g5 15. Bg3 Ne4 16. Qxb6 axb6 17. Bc7 Ra6 18. h3 c5 19. Bh2 Rg8 20. Rfd1 h5 21.
f3 Nf6 22. g4 Nd7 23. a3 f6 24. Re1 1/2-1/2

[Event "Open Hradec Kralove 2018"]
[Site "Hradec Kralove"]
[Date "2018.10.07"]
[Round "9"]
[White "Bartos, Karel"]
[Black "Nemec, Otakar"]
[Result "1-0"]
[WhiteElo "1843"]
[BlackElo "1886"]
[PlyCount "65"]
[EventDate "2018.09.30"]

1. e4 {[%emt 0:00:00]} c5 2. c3 d5 3. exd5 Qxd5 4. d4 e6 5. Nf3 Nf6 6. a3 Nc6
7. Be3 cxd4 8. cxd4 Be7 9. Nc3 Qd6 10. Bd3 O-O 11. O-O Nd5 12. Ne4 Qd8 13. Qe2
Bd7 14. Rad1 Rc8 15. Bb1 a6 16. Qd3 g6 17. Bh6 Re8 18. Rfe1 Na5 19. Ne5 f5 20.
Qg3 Bh4 21. Qf3 Qe7 22. Nc5 Bc6 23. Ba2 Qd6 24. b4 b6 25. Nxc6 Nxc6 26. Nxe6
Nce7 27. Nf4 Red8 28. Nxd5 Nxd5 29. Re5 Kh8 30. Rxd5 Qf6 31. Rxd8+ Rxd8 32. g3
Rxd4 33. Rxd4 1-0

[Event "Open Hradec Kralove 2018"]
[Site "Hradec Kralove"]
[Date "2018.10.07"]
[Round "9"]
[White "Moeckel, Jens"]
[Black "Starosta, Martyna"]
[Result "1-0"]
[WhiteElo "1882"]
[BlackElo "1700"]
[PlyCount "109"]
[EventDate "2018.09.30"]

1. d4 Nf6 2. c4 g6 3. Nf3 Bg7 4. g3 c6 5. Bg2 d5 6. a4 O-O 7. O-O dxc4 8. Nc3
Nd5 9. e4 Nxc3 10. bxc3 b5 11. Qc2 Bb7 12. Rd1 a6 13. d5 cxd5 14. exd5 b4 15.
Bb2 bxc3 16. Bxc3 Bxc3 17. Qxc3 Bxd5 18. Rxd5 Qxd5 19. Nd4 Qc5 20. Bxa8 Rd8 21.
Nc2 a5 22. Rb1 Na6 23. Rb5 Qc7 24. Be4 Rb8 25. Rxb8+ Nxb8 26. Ne3 Nd7 27. Qxc4
Qd6 28. Qd5 Qc7 29. Qc6 Qxc6 30. Bxc6 Nc5 31. Nc4 Nb3 32. f4 Kg7 33. Kf2 Kf6
34. Ke3 g5 35. fxg5+ Kxg5 36. Be4 f5 37. Bc2 Nc5 38. Nxa5 e5 39. Bd1 f4+ 40.
gxf4+ exf4+ 41. Kf3 Kh4 42. Kg2 f3+ 43. Kxf3 Kh3 44. Nc4 Kxh2 45. a5 Kh3 46.
Ke3 Kg3 47. Kd4 Na6 48. Ne3 Kf4 49. Be2 Nb8 50. Nd5+ Kf5 51. Kc5 Ke5 52. Bg4 h6
53. Bc8 h5 54. Nb6 Ke4 55. Nd7 1-0

[Event "Open Hradec Kralove 2018"]
[Site "Hradec Kralove"]
[Date "2018.10.07"]
[Round "9"]
[White "Jedlickova, Petra"]
[Black "Kuru, Martin"]
[Result "1-0"]
[WhiteElo "1774"]
[BlackElo "1877"]
[PlyCount "69"]
[EventDate "2018.09.30"]

1. c4 c6 2. g3 d5 3. cxd5 cxd5 4. d4 Nf6 5. Bg2 Nc6 6. Nc3 e6 7. Nf3 Be7 8. O-O
O-O 9. Bf4 Qb6 10. b3 Bd7 11. a3 Rac8 12. Na4 Qa5 13. b4 Qd8 14. Nc5 b6 15. Nb7
Qe8 16. b5 Na5 17. Nd6 Bxd6 18. Bxd6 Bxb5 19. Bxf8 Qxf8 20. Ne5 Nc4 21. a4 Ba6
22. Nd3 g6 23. Re1 Nd6 24. Rc1 Bc4 25. Ne5 Qe7 26. Bf1 a6 27. e3 b5 28. Nxc4
dxc4 29. f3 b4 30. e4 e5 31. d5 a5 32. Qd2 Qd7 33. Qg5 Kg7 34. Qxe5 b3 35. Qd4
1-0

[Event "Open Hradec Kralove 2018"]
[Site "Hradec Kralove"]
[Date "2018.10.07"]
[Round "9"]
[White "Machalec, Vladimir"]
[Black "Portych, Vaclav"]
[Result "1/2-1/2"]
[WhiteElo "1803"]
[BlackElo "1865"]
[PlyCount "91"]
[EventDate "2018.09.30"]

1. Nf3 Nf6 2. g3 g6 3. Bg2 Bg7 4. O-O O-O 5. c4 c5 6. Nc3 Nc6 7. d4 cxd4 8.
Nxd4 a6 9. Nc2 Qc7 10. Bg5 Na5 11. Bxf6 Bxf6 12. Nd5 Qe5 13. Nxf6+ Qxf6 14. b3
d6 15. Nd4 Rb8 16. e3 Bd7 17. Rc1 Nc6 18. Ne2 Bg4 19. f3 Bd7 20. e4 Rfd8 21.
Nf4 Qd4+ 22. Qxd4 Nxd4 23. Kf2 Bc6 24. Bh3 f5 25. Ke3 e5 26. Nd5 Bxd5 27. cxd5
Rdc8 28. f4 Nc2+ 29. Kd2 Nd4 30. exf5 exf4 31. Rxc8+ Rxc8 32. Rxf4 Nxf5 33.
Bxf5 gxf5 34. Rxf5 Kg7 35. g4 Re8 36. Kd3 Re1 37. Rf2 Rg1 38. Re2 Rxg4 39. Re7+
Kf6 40. Rxh7 b5 41. Rh6+ Ke5 42. Rh5+ Kf6 43. Kc3 b4+ 44. Kd3 a5 45. Rh6+ Ke5
46. Rh5+ 1/2-1/2

[Event "Open Hradec Kralove 2018"]
[Site "Hradec Kralove"]
[Date "2018.10.07"]
[Round "9"]
[White "Vacek, Jaroslav"]
[Black "Tsapanidis, Vasilis"]
[Result "0-1"]
[WhiteElo "1661"]
[BlackElo "1856"]
[PlyCount "114"]
[EventDate "2018.09.30"]

1. e4 g6 2. Nf3 Bg7 3. d4 d6 4. h3 Nf6 5. Bd3 O-O 6. O-O e6 7. Nc3 Nc6 8. g3 e5
9. dxe5 Nxe5 10. Nxe5 dxe5 11. Be3 Be6 12. Qe2 c6 13. Bc4 Re8 14. Bxe6 Rxe6 15.
Rad1 Rd6 16. Rxd6 Qxd6 17. Rd1 Qe6 18. Qd3 Bf8 19. Bg5 Be7 20. Bxf6 Qxf6 21.
Qe2 h5 22. Rd3 Rd8 23. Rxd8+ Bxd8 24. Qd2 Bb6 25. Na4 Bd8 26. Nc5 Qe7 27. Nd3
Bb6 28. Kf1 Kg7 29. Qc3 f6 30. Qb4 Qd8 31. Ke2 Kf7 32. Qc4+ Ke7 33. Nc5 Qc8 34.
b4 a6 35. Na4 Ba7 36. Qd3 Qe6 37. Qb3 Qxb3 38. cxb3 b6 39. Kd3 Kd6 40. f3 b5
41. Nc3 Bd4 42. Ne2 Bb2 43. a4 bxa4 44. bxa4 Ba3 45. Kc3 c5 46. b5 axb5 47.
axb5 Bb4+ 48. Kc4 Bd2 49. Nc3 Bxc3 50. Kxc3 Kc7 51. g4 Kb6 52. Kc4 h4 53. f4
exf4 54. g5 fxg5 55. e5 f3 56. Kd3 Kxb5 57. Ke3 Kc6 0-1